Gaming Quiz

Random Gaming or Video Games Quiz

Video Game Cakes Quiz Stats

Quiz Updated Dec 8, 2015

Also try: Television Cakes
Challenge
Share
Tweet
Score 0/25 Timer 06:00
13 Plays Today
% Correct
Super Mario Bros.
99.3%
Sonic the Hedgehog
96.6%
Pac-Man
93.6%
Angry Birds
92.3%
Pokémon
89.5%
Tetris
89.2%
The Legend of Zelda: The Wind Waker
86.7%
Halo
86.7%
Minecraft
85.2%
Plants vs. Zombies
76%
Space Invaders
75.9%
Kirby
75.2%
Fallout
71.4%
% Correct
Mortal Kombat
70.1%
Mega Man
67.1%
Street Fighter
64%
Portal
61%
Assassin's Creed
56.7%
Metal Gear Solid
53.9%
Five Nights at Freddy's
52.3%
Crash Bandicoot
51.8%
Mass Effect
42.4%
Resident Evil
39.9%
Hearthstone
34.5%
Starcraft
23.5%

You're not logged in!

Compare scores with friends on all Sporcle quizzes.
Join for Free
OR
Log In

You Might Also Like...

Show Comments

Extras

Top Quizzes Today


Score Distribution

Your Account Isn't Verified!

In order to create a playlist on Sporcle, you need to verify the email address you used during registration. Go to your Sporcle Settings to finish the process.

Report this User

Report this user for behavior that violates our Community Guidelines.

Details: